LEADER 00462nab a2200145 i 4500 001 000000278234 003 CaOOAMICUS 005 20180831165105.0 008 180831n xx uu u0 0und r 013 $a29016 040 $aSeMil$bita 245 10$a[vedi periodico]. 500 $a2012. 773 0 $t2012.$dBari : Facoltà Teologica Pugliese, Istituto di Teologia Ecumenico-Patristica "S. Nicola", 2012.$w()217307 996 $6245$a[vedi periodico]$9(OLS)http://semarc/title/309439 LEADER 00844nam a2200229 i 4500 001 000000202983 003 CaOOAMICUS 005 20110609000000.0 008 110609n it u000 u ita u 013 $a181695 040 $aSeMil$bita 245 10$aLuciano Minguzzi. 260 $a[S.l. :$bs.n.],$c[19--?] 300 $a1 v. :$briccamente ill. ;$c22 cm. 500 $aIn testa al front. : "Le persone che hanno fatto grande Milano". 650 4$aMinguzzi, Luciano.$0(OLS)http://semarc/subject/38193 700 1 $aMinguzzi, Luciano.$0(OLS)http://semarc/name/29004 850 $aSeMil 852 $aSeMil$W1$xVenegono$y1$m5D VIII 26/9$j153479$B153479$CSeMilBibl$Z2$F164417 $81 961 $aOmaggio: Altro 996 $6245$aLuciano Minguzzi$9(OLS)http://semarc/title/293833 996 $6260$a[S.l. :$bs.n.]$9(OLS)http://semarc/publisher/29751